Hybrid anisotropic materials for wind power turbine blades / (Record no. 355262)

000 -LEADER
fixed length control field 01807cam a2200337 a 4500
001 - CONTROL NUMBER
control field 16908452
003 - CONTROL NUMBER IDENTIFIER
control field Nust- CAS-E
005 - DATE AND TIME OF LATEST TRANSACTION
control field 20180118181355.0
008 - FIXED-LENGTH DATA ELEMENTS--GENERAL INFORMATION
fixed length control field 110808s2012 flua b 001 0 eng
010 ## - LIBRARY OF CONGRESS CONTROL NUMBER
LC control number 2011032559
020 ## - INTERNATIONAL STANDARD BOOK NUMBER
International Standard Book Number 9781439868584
040 ## - CATALOGING SOURCE
Original cataloging agency DLC
Transcribing agency DLC
Modifying agency DLC
042 ## - AUTHENTICATION CODE
Authentication code pcc
050 00 - LIBRARY OF CONGRESS CALL NUMBER
Classification number TJ267.5.B5
Item number G65 2012
082 00 - DEWEY DECIMAL CLASSIFICATION NUMBER
Classification number 621.45
Edition number 23
Author Mark GOL 2012
084 ## - OTHER CLASSIFICATION NUMBER
Classification number SCI024000
-- TEC021000
Number source bisacsh
100 1# - MAIN ENTRY--PERSONAL NAME
Personal name Golfman, Yosif.
245 10 - TITLE STATEMENT
Title Hybrid anisotropic materials for wind power turbine blades /
Statement of responsibility, etc. Yosif Golfman.
260 ## - PUBLICATION, DISTRIBUTION, ETC.
Place of publication, distribution, etc. Boca Raton, Fla. :
Name of publisher, distributor, etc. CRC Press,
Date of publication, distribution, etc. c2012.
300 ## - PHYSICAL DESCRIPTION
Extent xvii, 235 p. :
Other physical details ill. ;
Dimensions 24 cm.
504 ## - BIBLIOGRAPHY, ETC. NOTE
Bibliography, etc. note Includes bibliographical references and index.
520 ## - SUMMARY, ETC.
Summary, etc. "Exploring a wide range of key technical topics, this book presents up-to-date coverage of anisotropic materials used in the production of turbine blades. The text presents important information in the materials selection of carbon/fiberglass, the percentage combinations, and the design concepts required for manufacturing wind blades. The author presents the strength criteria for anisotropic materials, as well as the manufacturing criteria for turbine blade materials selection. In addition, this comprehensive resource also examines dynamic fatigue life factors in turbine blade design. Other topics include NDE methods for predicting deflections, stiffness, and strength"--
650 #0 - SUBJECT ADDED ENTRY--TOPICAL TERM
Topical term or geographic name entry element Turbines
General subdivision Blades
-- Materials.
650 #0 - SUBJECT ADDED ENTRY--TOPICAL TERM
Topical term or geographic name entry element Wind turbines
General subdivision Materials.
650 #0 - SUBJECT ADDED ENTRY--TOPICAL TERM
Topical term or geographic name entry element Anisotropy.
650 #7 - SUBJECT ADDED ENTRY--TOPICAL TERM
Topical term or geographic name entry element SCIENCE / Energy
Source of heading or term bisacsh.
650 #7 - SUBJECT ADDED ENTRY--TOPICAL TERM
Topical term or geographic name entry element TECHNOLOGY & ENGINEERING / Material Science
Source of heading or term bisacsh.
906 ## - LOCAL DATA ELEMENT F, LDF (RLIN)
a 7
b cbc
c orignew
d 1
e ecip
f 20
g y-gencatlg
942 ## - ADDED ENTRY ELEMENTS (KOHA)
Source of classification or shelving scheme
Koha item type Book
Holdings
Withdrawn status Lost status Source of classification or shelving scheme Damaged status Not for loan Permanent Location Current Location Shelving location Date acquired Source of acquisition Total Checkouts Full call number Barcode Date last seen Cost, replacement price Price effective from Koha item type Collection code
          US-Pakistan Center for Advanced Studies in Energy (USPCAS-E) US-Pakistan Center for Advanced Studies in Energy (USPCAS-E) General Stacks 04/15/2013 Victoria co   621.45 GOL 2012 CAS-E0000132 02/21/2014 14141.00 02/21/2014 Book  
          US-Pakistan Center for Advanced Studies in Energy (USPCAS-E) US-Pakistan Center for Advanced Studies in Energy (USPCAS-E) General Stacks 06/17/2013 Progressive Int.   621.45 GOL 2012 CAS-E0000388 08/27/2014 9579.00 08/27/2014 Book  
© 2023 Central Library, National University of Sciences and Technology. All Rights Reserved.